000 00473cam a2200181 4500
001 B2993
008 090401t1990 xxu||||| |||| 00| 0 eng d
035 _a(Sirsi) u53441
041 _aeng
050 _a526.9
110 _aFederation International Des Geometres
245 _aXIX congress ... Helsinki , Finland, 10-19 June 1990: list of participants
260 _aHelsinki
_bFIG
_c1990
300 _a48p. ; 21cm.
350 _a0
942 _n0
948 _c04/03/1997
999 _c93270
_d93270